El Tribunal de la Aguas de Valencia y su ejemplaridad jurídica / (Record no. 52389)
[ view plain ]
| 000 -LEADER | |
|---|---|
| campo de control de longitud fija | 00569nam a2200169 i 4500 |
| 001 - NÚMERO DE CONTROL | |
| campo de control | 52389 |
| 003 - IDENTIFICADOR DE NÚMERO DE CONTROL | |
| campo de control | ES-MaACL |
| 005 - FECHA Y HORA DE LA ÚLTIMA TRANSACCIÓN | |
| campo de control | 20230906162555.0 |
| 007 - CAMPO FIJO DE DESCRIPCIÓN FÍSICA--INFORMACIÓN GENERAL | |
| campo de control de longitud fija | t| |
| 008 - DATOS DE LONGITUD FIJA--INFORMACIÓN GENERAL | |
| campo de control de longitud fija | 030828s1975 sp ||||1| spa d |
| 100 1# - ENTRADA PRINCIPAL--NOMBRE DE PERSONA | |
| Nombre de persona | Chaves Fernández, Manuel. |
| 9 (RLIN) | 38270 |
| 245 13 - MENCIÓN DEL TÍTULO | |
| Título | El Tribunal de la Aguas de Valencia y su ejemplaridad jurídica / |
| Mención de responsabilidad, etc. | por Manuel Chaves Fernández. |
| 260 ## - PUBLICACIÓN, DISTRIBUCIÓN, ETC. | |
| Lugar de publicación, distribución, etc. | [S.l : |
| Nombre del editor, distribuidor, etc. | s.n, |
| Fecha de publicación, distribución, etc. | 1975] ( |
| Lugar de fabricación/manufactura | Madrid : |
| Fabricante | Gráf. Benzal) |
| 300 ## - DESCRIPCIÓN FÍSICA | |
| Extensión | 6 h. ; |
| Dimensiones | 24 cm. |
| 500 ## - NOTA GENERAL | |
| Nota general | Tirada aparte de "Arbor", nº 359, 1975, pp. 117-128. |
| 852 ## - LOCALIZACIÓN | |
| Ubicación | ES-MaACL |
| Número de control de estantería | 2100-F-30 |
| Sublocalización o colección | R.93966 |
| Estatus retirado | Estado de pérdida | Estado de daño | No para préstamo | Colección | Biblioteca de origen | Biblioteca actual | Ubicación en estantería | Fecha de adquisición | Fuente de adquisición | Total de préstamos | Signatura topográfica completa | Código de barras | Visto por última vez | Precio de reemplazo | Tipo de ítem Koha |
|---|---|---|---|---|---|---|---|---|---|---|---|---|---|---|---|
| Colección de folletos | Biblioteca del Ateneo de Madrid | Biblioteca del Ateneo de Madrid | Depósito folletos | 17/01/2008 | 2100-F-30 | 1055070 | 23/02/2023 | 23/02/2023 | Folleto |
